<?xml version="1.0" encoding="UTF-8"?>
<record
    xmlns:xsi="http://www.w3.org/2001/XMLSchema-instance"
    xsi:schemaLocation="http://www.loc.gov/MARC21/slim http://www.loc.gov/standards/marcxml/schema/MARC21slim.xsd"
    xmlns="http://www.loc.gov/MARC21/slim">

  <leader>03230nam a22002897a 4500</leader>
  <controlfield tag="003">OSt</controlfield>
  <controlfield tag="005">20210727135459.0</controlfield>
  <controlfield tag="008">130821s1985    sp a   gr           spa  </controlfield>
  <datafield tag="020" ind1=" " ind2=" ">
    <subfield code="a">8434410400</subfield>
  </datafield>
  <datafield tag="040" ind1=" " ind2=" ">
    <subfield code="a">Co-BoUCM</subfield>
    <subfield code="b">spa</subfield>
    <subfield code="c">CO-JMCR</subfield>
  </datafield>
  <datafield tag="041" ind1="0" ind2=" ">
    <subfield code="a">spa</subfield>
  </datafield>
  <datafield tag="082" ind1="0" ind2="4">
    <subfield code="a">332.1 /</subfield>
    <subfield code="b">B189e</subfield>
    <subfield code="2">23</subfield>
  </datafield>
  <datafield tag="100" ind1="1" ind2=" ">
    <subfield code="a">Ballar&#xED;n, Eduard, </subfield>
    <subfield code="e">autor</subfield>
    <subfield code="9">27049</subfield>
  </datafield>
  <datafield tag="245" ind1="1" ind2="0">
    <subfield code="a">Estrategias competitivas para la banca : </subfield>
    <subfield code="b">lecciones de la revoluci&#xF3;n financiera en Estados Unidos / </subfield>
    <subfield code="c">Eduard Ballar&#xED;n ; prologo de Rafael Termes</subfield>
  </datafield>
  <datafield tag="260" ind1=" " ind2=" ">
    <subfield code="a">Barcelona : </subfield>
    <subfield code="b">Ariel, </subfield>
    <subfield code="c">1985.</subfield>
  </datafield>
  <datafield tag="300" ind1=" " ind2=" ">
    <subfield code="a">277 p&#xE1;ginas : </subfield>
    <subfield code="b">ilustraciones, cuadros, tablas ; </subfield>
    <subfield code="c">23 cm.</subfield>
  </datafield>
  <datafield tag="490" ind1=" " ind2="0">
    <subfield code="a">Ariel ; </subfield>
    <subfield code="v">41</subfield>
  </datafield>
  <datafield tag="504" ind1=" " ind2=" ">
    <subfield code="a">bibliograf&#xED;a: p&#xE1;ginas 271-273.</subfield>
  </datafield>
  <datafield tag="505" ind1="0" ind2=" ">
    <subfield code="a">G&#xE9;nesis de la revoluci&#xF3;n financiera. -- Un esquema conceptual para el an&#xE1;lisis. -- Pol&#xED;tica econ&#xF3;mica e instituciones financieras. -- Pol&#xED;tica econ&#xF3;mica e instituciones financieras. -- Estrategia producto-mercado. -- Estrategia producto-mercado. -- Estrategia producto-mercado. -- Estrategia financiera. -- Gesti&#xF3;n de activos y pasivos. -- Estrategia geogr&#xE1;fica. -- Reflexi&#xF3;n prospectiva sobre lsa revoluci&#xF3;n financiera </subfield>
  </datafield>
  <datafield tag="520" ind1="0" ind2=" ">
    <subfield code="a">El sector bancario est&#xE1; experimentando una profunda transformaci&#xF3;n en todo el mundo por la incidencia simult&#xE1;nea de la crisis econ&#xF3;mica, la liberalizaci&#xF3;n del marco legal y el uso intensivo de la tecnolog&#xED;a de la informaci&#xF3;n. Este proceso ha sido especialmente agudo en Estados Unidos, donde las fronteras que delimitaban el sector bancario se est&#xE1;n desdibujando con rapidez. Este libro es un estudio en profundidad y sobre el terreno de la &lt;&lt;revoluci&#xF3;n financiera&#xBB; norteamericana, realizado a lo largo de un a&#xF1;o por uno de los mejores especialistas espa&#xF1;oles en temas de direcci&#xF3;n estrat&#xE9;gica. Examinando cr&#xED;ticamente la reacci&#xF3;n competitiva de los bancos comerciales de aquel pa&#xED;s frente a la aparici&#xF3;n de todo tipo de nuevos competidores, el autor desarrolla un esquema conceptual y un conjunto de recomendaciones en tres &#xE1;reas clave del negocio bancario: innovaci&#xF3;n financiera, gesti&#xF3;n de activos y pasivos y estrategia geogr&#xE1;fica. La presentaci&#xF3;n de las t&#xE9;cnicas m&#xE1;s recientes en el negocio bancario no agota el contenido del libro. Tambi&#xE9;n se describe la &#xAB;revoluci&#xF3;n financiera&#xBB; en el contexto hist&#xF3;rico que la ha generado, resumiendo con amenidad y gran capacidad de s&#xED;ntesis el origen y evoluci&#xF3;n del marco regulador del sistema financiero hasta nuestros d&#xED;as, incluyendo la crisis internacional de la deuda. El autor es Doctor en Direcci&#xF3;n de Empresas por la Harvard Business School y en Ciencias Econ&#xF3;micas por la Universidad de Barcelona. Desde 1969 es profesor del Instituto de Estudios Superiores de la Empresa, donde imparte distintos cursos sobre Direcci&#xF3;n Estrat&#xE9;gica y An&#xE1;lisis del Entorno para Direcci&#xF3;n. Es miembro fundador de la Strategic Management Society y Presidente de su Quinta Asamblea Anual, celebrada en Barcelona en 1985.</subfield>
  </datafield>
  <datafield tag="650" ind1="1" ind2="4">
    <subfield code="a">Finanzas</subfield>
    <subfield code="9">7628</subfield>
  </datafield>
  <datafield tag="650" ind1="2" ind2="4">
    <subfield code="a">Instituciones financieras</subfield>
    <subfield code="z">Estados Unidos</subfield>
    <subfield code="9">17761</subfield>
  </datafield>
  <datafield tag="650" ind1="2" ind2="4">
    <subfield code="a">Pol&#xED;tica bancaria</subfield>
    <subfield code="z">Estados Unidos</subfield>
    <subfield code="9">21923</subfield>
  </datafield>
  <datafield tag="650" ind1="2" ind2="4">
    <subfield code="a">Sistema financiero</subfield>
    <subfield code="z">Estados Unidos</subfield>
    <subfield code="9">8107</subfield>
  </datafield>
  <datafield tag="700" ind1=" " ind2=" ">
    <subfield code="a">Termes, Rafael, </subfield>
    <subfield code="e">prologuista.</subfield>
    <subfield code="9">38781</subfield>
  </datafield>
  <datafield tag="942" ind1=" " ind2=" ">
    <subfield code="c">BK</subfield>
    <subfield code="2">ddc</subfield>
  </datafield>
  <datafield tag="999" ind1=" " ind2=" ">
    <subfield code="c">12014</subfield>
    <subfield code="d">12014</subfield>
  </datafield>
  <datafield tag="952" ind1=" " ind2=" ">
    <subfield code="0">0</subfield>
    <subfield code="1">0</subfield>
    <subfield code="2">ddc</subfield>
    <subfield code="4">0</subfield>
    <subfield code="7">0</subfield>
    <subfield code="a">CPL</subfield>
    <subfield code="b">CPL</subfield>
    <subfield code="c">GEN</subfield>
    <subfield code="d">2018-04-15</subfield>
    <subfield code="e">Donaci&#xF3;n</subfield>
    <subfield code="o">332.1 / B189e</subfield>
    <subfield code="p">430002325</subfield>
    <subfield code="r">2024-05-16 00:00:00</subfield>
    <subfield code="t">Ej.1</subfield>
    <subfield code="w">2021-03-10</subfield>
    <subfield code="y">BK</subfield>
  </datafield>
</record>
